000 00345nam a2200145Ia 4500
008 220204s9999 xx 000 0 und d
020 _a9789388756631
082 _a615.5
_bKum-H
100 _aKumar Sokinder Dr.
245 0 _aHuman Antomy & Physiology - I
250 _a1ST
260 _aDelhi
_bR. Narain Pub.
300 _a192
942 _cBK
999 _c33959
_d33959